Ford Models In NASCAR Since 1975 - Statistics

General Stats
  • This quiz has been taken 38 times
  • The average score is 3 of 5
Answer Stats
Answer % Correct
Mustang
96%
Fusion
79%
Thunderbird
79%
Taurus
67%
Torino
21%
No matching quizzes found
Score Distribution
Percent of People with Each Score
Percentile by Number Answered
Your Score History
You have not taken this quiz